Friends Slot Machine Quiz Stats

 Plays Quiz Updated Jan 8, 2015

Also try: FRIENDS and Lovers
Challenge
Share
Tweet
Score 0/6 Timer 01:30
91 Plays Today
% Correct
Ross
89.9%
Monica
86%
Phoebe
85.3%
Chandler
84.9%
Joey
83.2%
Rachel
80.8%

You're not logged in!

Compare scores with friends on all Sporcle quizzes.
Join for Free
OR
Log In

You Might Also Like...

Show Comments

Extras

Top Quizzes Today


Score Distribution

Your Account Isn't Verified!

In order to create a playlist on Sporcle, you need to verify the email address you used during registration. Go to your Sporcle Settings to finish the process.

Report this User

Report this user for behavior that violates our Community Guidelines.

Details: